| 000 | 01463nam a2200289Ia 4500 | ||
|---|---|---|---|
| 001 | C5747 | ||
| 003 | IT-RoPAU | ||
| 008 | 130308s9999 xx 000 0 und d | ||
| 040 | _aIT-RoPAU | ||
| 040 | _cIT-RoPAU | ||
| 041 | _aFRANCESE | ||
| 100 | _aPailliart Isabelle | ||
| 100 | _gCodice Aut. SPICS: 3164 | ||
| 245 | _aTerritoires de la communication (Les) | ||
| 245 | _bTerritoires de la Communication (Les) | ||
| 250 | _a1a ed. | ||
| 260 | _aGRENOBLE | ||
| 260 | _bPresses Universitaires | ||
| 260 | _c1993 [1° Ed.:1993 - Ed.Ling.Originale:1993] | ||
| 300 | _a"280 p. (prefazione: no ; testo: 280 [pagine: 0-0])" | ||
| 500 | _aTerritori della Comunicazione. Riferimenti Storici: Dalla Stampa di Provincia all'informazione Locale, Informazione municipale e idea di Potere Locale, Movimento Localista e Comunicazione. Affermazioni di politiche Municipali d'informazione e di Comunicazione: sotto Il Segno della Diversità, Strutturazione in Corso, giornale municipale tra bollettino e Rivista, Crescita delle Reti. nuove tecnologie dell'informazione e della Comunicazione e management dei Territori: Riposizionammmento del Potere Locale, ristrutturazione del locale e Rinforzo della Centralità. ricomposizione dei Territori: una Territorialità in Movimento, Europa Territorialità Complessa. Bibliografia. | ||
| 650 | _aSAGGI DI COMUNICAZIONE SOCIALE | ||
| 650 | _eCodice materia Spics: 3807 | ||
| 942 | _cBK | ||
| 957 | _71 | ||
| 999 |
_c89758 _d89758 |
||
| 999 | _g1 | ||